Vital management mantra / (Record no. 127261)
[ view plain ]
| 000 -LEADER | |
|---|---|
| fixed length control field | 00873nam a22002777a 4500 |
| 003 - CONTROL NUMBER IDENTIFIER | |
| control field | dpl |
| 005 - DATE AND TIME OF LATEST TRANSACTION | |
| control field | 20190207125859.0 |
| 008 - FIXED-LENGTH DATA ELEMENTS--GENERAL INFORMATION | |
| fixed length control field | 180623b xxu||||| |||| 00| 0 eng d |
| 010 ## - LIBRARY OF CONGRESS CONTROL NUMBER | |
| LC control number | B-159928 |
| 020 ## - INTERNATIONAL STANDARD BOOK NUMBER | |
| International Standard Book Number | 817341288 |
| Terms of availability | 225.00 |
| 035 ## - SYSTEM CONTROL NUMBER | |
| System control number | B-159928,B-159950, B-159932 , B-159935, B-159952, B-159952 |
| 037 ## - SOURCE OF ACQUISITION | |
| Source of stock number/acquisition | Cen Lib/Ret |
| 040 ## - CATALOGING SOURCE | |
| Original cataloging agency | DPL |
| Language of cataloging | EN |
| Transcribing agency | 0 |
| 082 ## - DEWEY DECIMAL CLASSIFICATION NUMBER | |
| Classification number | 658.001 |
| Item number | VIT |
| 100 ## - MAIN ENTRY--PERSONAL NAME | |
| Personal name | Vittal, N. |
| 9 (RLIN) | 19943 |
| 245 ## - TITLE STATEMENT | |
| Title | Vital management mantra / |
| Statement of responsibility, etc | by N.Vittal; edited by R.S.Narayan [and] Suresh Panje |
| 250 ## - EDITION STATEMENT | |
| Edition statement | 2nd ed. |
| 260 ## - PUBLICATION, DISTRIBUTION, ETC. (IMPRINT) | |
| Place of publication, distribution, etc | Delhi |
| Name of publisher, distributor, etc | Indian Publishers |
| Date of publication, distribution, etc | 2003 |
| 270 ## - ADDRESS | |
| Address | 156-D, Kaml;a Nagar |
| City | Delhi |
| Postal code | 110007 |
| 300 ## - PHYSICAL DESCRIPTION | |
| Extent | 298p. |
| Dimensions | 19cm(pbk) |
| 650 ## - SUBJECT ADDED ENTRY--TOPICAL TERM | |
| Topical term or geographic name as entry element | Management |
| 9 (RLIN) | 3072 |
| 650 ## - SUBJECT ADDED ENTRY--TOPICAL TERM | |
| Topical term or geographic name as entry element | Management Technology |
| 9 (RLIN) | 19944 |
| 700 ## - ADDED ENTRY--PERSONAL NAME | |
| Personal name | Narayan R.S. |
| 9 (RLIN) | 102060 |
| 700 ## - ADDED ENTRY--PERSONAL NAME | |
| Personal name | Panje, Suresh |
| 9 (RLIN) | 19945 |
| 942 ## - ADDED ENTRY ELEMENTS (KOHA) | |
| Source of classification or shelving scheme | Dewey Decimal Classification |
| Koha item type | English Books |
| Classification part | 658.001 |
| Call number suffix | VIT |
| Withdrawn status | Lost status | Damaged status | Not for loan | Home library | Current library | Date acquired | Source of acquisition | Cost, normal purchase price | Total Checkouts | Full call number | Barcode | Date last seen | Copy number | Cost, replacement price | Price effective from | Koha item type | Source of classification or shelving scheme | Collection code |
|---|---|---|---|---|---|---|---|---|---|---|---|---|---|---|---|---|---|---|
| Withdrawn | Central Library | Central Library | 29/06/2015 | Cen Lib/Ret | 225.00 | 658.001 VIT | B-159928 | 29/06/2015 | 1 | 225.00 | 29/06/2015 | English Books | ||||||
| Patel Nagar | Patel Nagar | 03/07/2018 | BPPD/Pub | 225.00 | 658.001 VIT | B-159932 | 03/07/2018 | 1 | 225.00 | 03/07/2018 | English Books | Dewey Decimal Classification | Non-fiction | |||||
| Sarojini Nagar | Sarojini Nagar | 08/04/2019 | 658.001 VIT | B-159941 | 08/04/2019 | 08/04/2019 | English Books | Dewey Decimal Classification | Non-fiction | |||||||||
| Shahdara Branch | Shahdara Branch | 23/06/2018 | BPPD/PUB | 225.00 | 658.001 VIT | B-159950 | 23/06/2018 | 225.00 | 23/06/2018 | English Books | Dewey Decimal Classification | Non-fiction | ||||||
| Tri Nagar | Tri Nagar | 25/07/2018 | BPPD/PUB | 225.00 | 658.001 VIT | B-159935 | 25/07/2018 | 225.00 | 25/07/2018 | English Books | Dewey Decimal Classification | Non-fiction | ||||||
| Vigyan Vihar | Vigyan Vihar | 28/01/2019 | BPPD/PUB | 225.00 | 658.001 VIT | B-159952 | 28/01/2019 | 225.00 | 28/01/2019 | English Books | Dewey Decimal Classification | Non-fiction | ||||||
| Yojana Vihar | Yojana Vihar | 16/07/2019 | BPPD/PUB | 225.00 | 658.001 VIT | B-159951 | 16/07/2019 | 225.00 | 16/07/2019 | English Books | Dewey Decimal Classification | Non-fiction |
